The present crisis on islam and our future educational programme (Record no. 478123)

000 -LEADER
fixed length control field 00450cam a22001337a 4500
008 - FIXED-LENGTH DATA ELEMENTS--GENERAL INFORMATION
fixed length control field 180718b1944 xxu||||| |||| 00| 0 eng d
082 ## - DEWEY DECIMAL CLASSIFICATION NUMBER
Classification number Px54 An81
100 ## - MAIN ENTRY--PERSONAL NAME
Personal name Ansari, Muhammad Fazl - ur - Rahman
245 ## - TITLE STATEMENT
Title The present crisis on islam and our future educational programme
Statement of responsibility, etc. by Muhammad Fazl - ur - Rahman Ansari
260 ## - PUBLICATION, DISTRIBUTION, ETC.
Place of publication, distribution, etc. Aligarh
Name of publisher, distributor, etc. Aligarh Books and Newspapers
Date of publication, distribution, etc. 1944
300 ## - PHYSICAL DESCRIPTION
Extent 77p.
650 ## - SUBJECT ADDED ENTRY--TOPICAL TERM
Topical term or geographic name entry element Mchammedans
650 ## - SUBJECT ADDED ENTRY--TOPICAL TERM
Topical term or geographic name entry element Education - India
Holdings
Withdrawn status Lost status Damaged status Not for loan Permanent Location Current Location Date acquired Full call number Barcode Date last seen Price effective from Koha item type
        Indian Institute of Public Administration Indian Institute of Public Administration 2018-08-04 Px54 An81 GR1678 2018-08-04 2018-08-04 GR

Powered by Koha